| 000 | 01408cam a2200217 4500 | ||
|---|---|---|---|
| 001 | ABS66347 | ||
| 008 | 030130n2003 000 0 eng u | ||
| 035 | _a(Sirsi) u121191 | ||
| 100 | _aCook, S. | ||
| 245 | _aWho cares wins | ||
| 260 | _c2003 | ||
| 490 |
_aManagement Today _v January 2003, 40-46(5) |
||
| 520 | _aDiscusses the issue of Corporate Social Responsibility which is a new way of describing sustainability and diversity. Considers whether it is an innovative new idea which will lead to improved social attitudes and progress towards a better environment or if it just a gimmick designed to derail the protests of anti-globalisation protesters. Many companies such as Shell are now taking this idea very seriously with the thought that there is a further advantage in making these schemes work from the point of view of profit and the views of shareholders. Also to be considered are the changes brought about by the Pensions Act 2000, which now requires trustees of occupational pensions to state the extent to which they take social, environmental and ethical issues into account when making investment decisions. | ||
| 650 | _aCORPORATE SOCIAL RESPONSIBILITY | ||
| 650 |
_aEnvironment _96238 |
||
| 650 | _aSOCIAL POLICY | ||
| 650 | _aRENEWABLE RESOURCES | ||
| 650 | _aENVIRONMENTAL PROTESTERS | ||
| 690 | _aENVIRONMENTAL AND LAND CONSULTANCY-ENVIRONMENTAL MANAGEMENT | ||
| 942 | _n0 | ||
| 999 |
_c72016 _d72016 |
||